000 00827nam a22001937a 4500
999 _c5848
_d5848
005 20251118154904.0
008 251118b ||||| |||| 00| 0 eng d
020 _a9781529076820
040 _cKH8
082 _a823.912 CRO
100 _aCROMPTON,RICHMAL
_eAUTHOR
245 _aJUST WILLIAM
260 _aThe Smithson,6 Briset Street,London EC1M 5NR
_bMacmillan Children's Books
_c2022
300 _a259 pages
_billustration
_c13 cm x 17 cm
520 _aIn Richmal Compton's Just William the Outlaws plan a day of non-stop adventure. The only problem is that William is meant to be babysitting. But William won't let that stop him having fun with his gang - he'll just bring the baby along!There is only one William.
650 _2Juvenile Fiction
655 _2Juvenile Fiction
_aAdventure and Humour
942 _2ddc
_cFIC